| 000 | 00486nam a2200169Ia 4500 | ||
|---|---|---|---|
| 999 |
_c8421 _d8421 |
||
| 003 | OSt | ||
| 005 | 20201008123401.0 | ||
| 008 | 190216s9999||||xx |||||||||||||| ||und|| | ||
| 040 | _coclc | ||
| 082 |
_a004.5 _bROB/O |
||
| 100 |
_aRobinson, Phillip _95473 |
||
| 245 | 0 |
_aThe One Minute Memory Manager / _cPhillip Robinson |
|
| 260 |
_bBpb Publications, _c1993. _aNew Delhi: |
||
| 300 | _a438p | ||
| 650 | _aComputer | ||
| 942 |
_cBK _2ddc _h004.5 _iROB/O _k004.5 _mROB/O |
||